| 000 | 00686nam a22002057a 4500 | ||
|---|---|---|---|
| 003 | OSt | ||
| 005 | 20140310181809.0 | ||
| 008 | 130705t xxu||||| |||| 00| 0 eng d | ||
| 020 | _a1855019140 | ||
| 050 |
_aDG 736 _b.P766 1997 |
||
| 082 |
_aHS 945 _bPo75 1997 |
||
| 245 |
_aTuscany : past and present / _cCostanza Poli ; translation by Neil Frazer Davenport. |
||
| 260 |
_aEngland : _bTiger Books International, _c1997. |
||
| 300 |
_a135 p., _bill.(col.) _c32 cm. |
||
| 520 | _a1. Tuscany (Italy)--History 2. Tuscany (Italy)--Description and travel 3. Davenport, Neil Frazer | ||
| 521 | _aBasic ed. students | ||
| 541 | _j1 | ||
| 562 | _e1 | ||
| 942 |
_2lcc _cBK-GR _kREF |
||
| 999 |
_c3874 _d3874 |
||